[Event "Dundee & Angus op Minor"]
[Site "Dundee"]
[Date "2014.10.10"]
[Round "1"]
[White "Grant, Arthur"]
[Black "Watson, Dave"]
[Result "0-1"]
[WhiteElo "815"]
[BlackElo "1094"]
[PlyCount "80"]
[EventDate "2014.10.10"]
[EventType "swiss"]
[EventRounds "5"]
[EventCountry "SCO"]
[SourceTitle "EXT 2017"]
[Source "ChessBase"]
[SourceDate "2016.10.25"]
[SourceVersion "1"]
[SourceVersionDate "2016.10.25"]
[SourceQuality "1"]

1. d4 d5 2. Nf3 Nf6 3. Bf4 Bg4 4. Nbd2 Nc6 5. e3 a6 6. h3 Bd7 7. c3 e6 8. Bd3 h6 9. h4 Qe7 10. Ne5 0-0-0 11. Nxd7 Qxd7 12. Nb3 Rg8 13. Nc5 Bxc5 14. dxc5 g5 15. hxg5 hxg5 16. Bg3 Ne8 17. Qb3 f5 18. f4 gxf4 19. Bh4 Rxg2 20. Bxd8 Na5 21. Qb4 Nc4 22. 0-0-0 Rxb2 23. Bxc4 Rxb4 24. cxb4 Qxd8 25. exf4 Qe7 26. Bb3 Nf6 27. Rh8+ Ne8 28. Rg1 Kd7 29. Rgh1 Nf6 30. a4 b6 31. Kb2 bxc5 32. b5 axb5 33. axb5 c4 34. Ba4 Qb4+ 35. Kc1 Qxa4 36. Rb8 Qa1+ 37. Kc2 Qxh1 38. Rb7 Qe4+ 39. Kc3 d4+ 40. Kxc4 Qxb7 0-1